00838nam a2200217 i 4500001000300000245013000003260005800133300005400191504003400245650004800279650001900327655002900346700002800375020002300403020002700426040000800453041000700461080001300468008004100481856009800522bg CaProceedings of the 9th American Waterjet Conference. Vol.2 :bAugust 23-26, 1997 Dearborn, Michigan /ced by Mohamed Hashish. aSt. Louis :bWater Jet Technology Association,c1997. aXII, 461-827, 9 s. :bfot., rys., wykr. ;c28 cm. aBibliogr. przy ref. - Indeks. 9aWysokociśnieniowa struga wodyxstosowanie 9aHydromechanika aMateriały konferencyjne1 aHASHISH, Mohamed.eRed. a188034209X (Vol.1) a1880342103 (2 Vol.Set) cBPK0 aen a532(061) s pl f |000 0 pol  uhttp://koha.tu.koszalin.pl/cgi-bin/koha/opac-detail.pl?biblionumber=39891yKatalog online BPK